Una cena con historia / (Registro nro. 194800)
[ vista simple ]
| 000 -LEADER | |
|---|---|
| campo de control de longitud fija | 01803nam a2200313 i 4500 |
| 001 - NÚMERO DE CONTROL | |
| campo de control | 194800 |
| 003 - IDENTIFICADOR DE NÚMERO DE CONTROL | |
| campo de control | ES-MaACL |
| 005 - FECHA Y HORA DE LA ÚLTIMA TRANSACCIÓN | |
| campo de control | 20250530063024.0 |
| 008 - DATOS DE LONGITUD FIJA--INFORMACIÓN GENERAL | |
| campo de control de longitud fija | 240516b sp ||||| |||| 00| 0 spa d |
| 020 ## - NÚMERO INTERNACIONAL ESTÁNDAR DEL LIBRO | |
| Número Internacional Estándar del Libro | 9788409170784 |
| 040 ## - FUENTE DE CATALOGACIÓN | |
| Lengua de catalogación | spa |
| Centro/agencia transcriptor | ES-MaACL |
| 100 1# - ENTRADA PRINCIPAL--NOMBRE DE PERSONA | |
| 9 (RLIN) | 171227 |
| Nombre de persona | Triñaque, Ezequiel |
| Término indicativo de función/relación | Autor |
| 245 ## - MENCIÓN DEL TÍTULO | |
| Título | Una cena con historia / |
| Mención de responsabilidad, etc. | Ezequiel Triñaque, Vicky Ibañez |
| 260 ## - PUBLICACIÓN, DISTRIBUCIÓN, ETC. | |
| Nombre del editor, distribuidor, etc. | Radio Argo y más S. L., |
| Fecha de publicación, distribución, etc. | [2024] |
| 300 ## - DESCRIPCIÓN FÍSICA | |
| Extensión | 169 pág + 21 pág. de fotografías a color ; |
| Dimensiones | 21 cm |
| 336 ## - TIPO DE CONTENIDO | |
| Fuente | rdacontent |
| Término de tipo de contenido | texto |
| 337 ## - TIPO DE MEDIO | |
| Fuente | rdamedia |
| Nombre/término del tipo de medio | sin mediación |
| 338 ## - TIPO DE SOPORTE | |
| Fuente | rdacarrier |
| Nombre/término del tipo de soporte | volumen |
| 520 ## - RESUMEN, ETC. | |
| Sumario, etc. | Un rato de sosiego, unas buenas vistas de Madrid, dejar volar la imaginación, y aparecen los recuerdos de un ayer no tan lejano. Una buena charla y todo vuelve a surgir.<br/>Son historias de nuestro pasado; personajes que han sido célebres, edificios que tienen mucho que contarnos, y todo desde el mágico entorno en que nos encontramos, la azotea del club ARGO, antiguo despacho del presidente del gobierno don José de Canalejas, en el centro del emblemático barrio de las Letras.<br/>Los bandoleros, el nacimiento del teatro, personajes insignes de nuestra literatura, grandes palacios de ayer... y todo a vista de pájaro. |
| 700 1# - ENTRADA AGREGADA--NOMBRE PERSONAL | |
| Nombre de persona | Ibáñez, Vicky |
| 9 (RLIN) | 171228 |
| Término indicativo de función/relación | Autor |
| 852 ## - LOCALIZACIÓN | |
| Ubicación | ES-MaACL |
| Ubicación en estantería | Depósito J |
| Número de control de estantería | N-9964 |
| Encuadernación | Encuadernación rústica |
| Anotaciones manuscritas | Dedicatoria autógrafa de los autores |
| Donativo/Legado | Donación: Ezequiel Triñaque y Vicky Ibañez |
| itemnumber | 205871 |
| 903 ## - NOMBRE PERSONAL DE DONANTE | |
| 9 | 171227 |
| a | Triñaque, Ezequiel |
| e | Donante |
| 903 ## - NOMBRE PERSONAL DE DONANTE | |
| 9 | 171228 |
| a | Ibáñez, Vicky |
| e | Donante |
| 942 ## - ELEMENTOS DE ENTRADA SECUNDARIOS (KOHA) | |
| Tipo de ítem Koha | Libro impreso |
| Suprimir en OPAC | No |
| Estatus retirado | Estado de pérdida | Fuente del sistema de clasificación o colocación | Estado de daño | No para préstamo | Colección | Biblioteca de origen | Biblioteca actual | Ubicación en estantería | Fecha de adquisición | Fuente de adquisición | Total de préstamos | Signatura topográfica completa | Código de barras | Visto por última vez | Precio de reemplazo | Tipo de ítem Koha |
|---|---|---|---|---|---|---|---|---|---|---|---|---|---|---|---|---|
| Clasificación decimal universal | Libros con dedicatorias | Biblioteca del Ateneo de Madrid | Biblioteca del Ateneo de Madrid | Depósito J | 27/05/2025 | Donación | N-9964 | 101230208 | 27/05/2025 | 27/05/2025 | Libro impreso |
